Soul on fire : the turbulent times of Pa. (Record no. 42673)
[ view plain ]
| 000 -LEADER | |
|---|---|
| fixed length control field | 00422nam a22001691a 4500 |
| 003 - CONTROL NUMBER IDENTIFIER | |
| control field | NEGST |
| 005 - DATE AND TIME OF LATEST TRANSACTION | |
| control field | 20150513020005.0 |
| 008 - FIXED-LENGTH DATA ELEMENTS--GENERAL INFORMATION | |
| fixed length control field | 030714s1993 ilu 001 0 eng d |
| 020 ## - INTERNATIONAL STANDARD BOOK NUMBER | |
| International Standard Book Number | 0802471021 |
| 100 1# - MAIN ENTRY--PERSONAL NAME | |
| Personal name | Blythe, LeGette. |
| 245 10 - TITLE STATEMENT | |
| Title | Soul on fire : the turbulent times of Pa. |
| 260 ## - PUBLICATION, DISTRIBUTION, ETC. (IMPRINT) | |
| Place of publication, distribution, etc | Chicago : |
| Name of publisher, distributor, etc | Moody press, |
| Date of publication, distribution, etc | 1993. |
| 300 ## - PHYSICAL DESCRIPTION | |
| Extent | 361p. |
| 590 ## - LOCAL NOTE (RLIN) | |
| Local note | Accession number: 30542 |
| 942 00 - ADDED ENTRY ELEMENTS (KOHA) | |
| Koha issues (borrowed), all copies | 1 |
| Withdrawn status | Lost status | Source of classification or shelving scheme | Damaged status | Not for loan | Collection code | Home library | Current library | Shelving location | Date acquired | Cost, normal purchase price | Total Checkouts | Full call number | Barcode | Date last seen | Date checked out | Copy number | Price effective from | Koha item type |
|---|---|---|---|---|---|---|---|---|---|---|---|---|---|---|---|---|---|---|
| Library of Congress Classification | Fiction | AIU/NEGST - Tony Wilmot Memorial Library | AIU/NEGST - Tony Wilmot Memorial Library | Fiction | 01/25/2010 | 25.00 | 1 | FIC BV 4935.C54B5 1993 | R08369N3232 | 09/29/2019 | 05/12/2015 | 1 | 01/25/2010 | Books |
